Towards communism: 1917 and the Muhajirs from India Adfrift in Central Asia (Record no. 512390)

000 -LEADER
fixed length control field 00415nam a2200133 4500
008 - FIXED-LENGTH DATA ELEMENTS--GENERAL INFORMATION
fixed length control field 191121b ||||| |||| 00| 0 eng d
100 ## - MAIN ENTRY--PERSONAL NAME
Personal name Chattopadhyay, Suchetana
245 ## - TITLE STATEMENT
Title Towards communism: 1917 and the Muhajirs from India Adfrift in Central Asia
260 ## - PUBLICATION, DISTRIBUTION, ETC. (IMPRINT)
Name of publisher, distributor, etc Social Scientist
300 ## - PHYSICAL DESCRIPTION
Extent 47(7-8), Jul-Aug, 2019: p.3-30.
773 ## - HOST ITEM ENTRY
Main entry heading Social Scientist
906 ## - LOCAL DATA ELEMENT F, LDF (RLIN)
Subject DIP Communism
942 ## - ADDED ENTRY ELEMENTS (KOHA)
Source of classification or shelving scheme
Item type Articles
Holdings
Withdrawn status Lost status Source of classification or shelving scheme Damaged status Not for loan Permanent location Current location Date acquired Serial Enumeration / chronology Barcode Date last seen Koha item type
          Indian Institute of Public Administration Indian Institute of Public Administration 2019-11-21 47(7-8), Jul-Aug, 2019: p.3-30. AR121775 2019-11-21 Articles

Powered by Koha